Peachの国内線 - Statistics

General Stats
  • This quiz has been taken 362 times
  • The average score is 22 of 25
Answer Stats
% Correct
大阪 福岡
98%
成田 福岡
98%
新千歳 福岡
98%
大阪 新千歳
97%
成田 新千歳
97%
大阪 東京
96%
大阪 沖縄
95%
成田 沖縄
95%
新千歳 沖縄
95%
福岡 沖縄
95%
名古屋 沖縄
95%
大阪 仙台
92%
新千歳 仙台
92%
名古屋 仙台
92%
新千歳 名古屋
91%
大阪 鹿児島
88%
大阪 長崎
85%
大阪 新潟
84%
大阪 宮崎
84%
大阪 石垣
79%
成田 石垣
79%
福岡 石垣
79%
成田 大分
75%
大阪 奄美
68%
成田 奄美
68%
No matching quizzes found
Score Distribution
Percent of People with Each Score
Percentile by Number Answered
Your Score History
You have not taken this quiz